[Event "15. Obert Int. Sant Martí 2013 - B"]
[Site "Barcelona ESP"]
[Date "2013.07.18"]
[Round "6.27"]
[White "Carballo Cancela, Manuel"]
[Black "Terrones Hernandez, Jonathan"]
[Result "1-0"]
[WhiteElo "1850"]
[BlackElo "1711"]
[PlyCount "105"]
[EventDate "2013.07.13"]
[EventType "swiss"]
[EventRounds "9"]
[EventCountry "ESP"]
[SourceTitle "Ajedrez en Madrid"]
[Source "lmi"]
[SourceDate "2013.07.13"]
[SourceVersion "1"]
[SourceVersionDate "2019.06.21"]
[SourceQuality "1"]

1. e4 e5 2. Nf3 Nf6 3. Nxe5 d6 4. Nf3 Nxe4 5. Nc3 Nxc3 6. dxc3 Be6 7. Be3 Be7
8. Bd3 Nc6 9. Qd2 Qd7 10. Bb5 a6 11. Bd3 h6 12. h3 Bf6 13. g4 g5 14. a3 Bd5 15.
Bf5 Be6 16. Bxe6 Qxe6 17. Nd4 Nxd4 18. cxd4 d5 19. O-O-O O-O-O 20. Rhe1 Qd7 21.
f4 Be7 22. f5 f6 23. Bg1 Bd6 24. Re6 Rde8 25. Rde1 Rxe6 26. fxe6 Qe7 27. Qd3 h5
28. gxh5 Rxh5 29. Bf2 Qh7 30. Qf3 Bf4+ 31. Kb1 Qg6 32. e7 Rh8 33. Qxd5 Re8 34.
Qe6+ Kb8 35. Qd7 Qg8 36. d5 Bd6 37. c4 Be5 38. Ka1 Rc8 39. Bd4 Re8 40. Bxe5
fxe5 41. Rxe5 Qf7 42. Re1 Ka7 43. Qe6 Qf3 44. Qe3+ Qxe3 45. Rxe3 Kb8 46. c5 Kc8
47. c6 b6 48. Kb1 Kb8 49. Kc2 Ka7 50. Kd3 b5 51. b4 Kb6 52. Re6 a5 53. Ke4 1-0

[Event "15. Obert Int. Sant Martí 2013 - B"]
[Site "Barcelona ESP"]
[Date "2013.07.18"]
[Round "6.28"]
[White "Poyato Ruiz, Fernando"]
[Black "Serentill Tost, Eduard"]
[Result "1-0"]
[WhiteElo "1849"]
[BlackElo "1665"]
[PlyCount "47"]
[EventDate "2013.07.13"]
[EventType "swiss"]
[EventRounds "9"]
[EventCountry "ESP"]
[SourceTitle "Ajedrez en Madrid"]
[Source "lmi"]
[SourceDate "2013.07.13"]
[SourceVersion "1"]
[SourceVersionDate "2019.06.21"]
[SourceQuality "1"]

1. d4 Nf6 2. c4 g6 3. Nc3 Bg7 4. e4 d6 5. f4 O-O 6. Nf3 c5 7. d5 Nbd7 8. Bd3
Ne8 9. O-O e5 10. fxe5 Nxe5 11. Nxe5 Bxe5 12. Bf4 Bg7 13. Qf3 f5 14. Qg3 a6 15.
Bg5 Qb6 16. Na4 Qc7 17. exf5 Bxf5 18. Bxf5 gxf5 19. Rae1 Rf7 20. Re6 b5 21.
Rfe1 bxa4 22. Rxe8+ Rf8 23. Rxa8 Rxa8 24. Re7 1-0

[Event "15. Obert Int. Sant Martí 2013 - B"]
[Site "Barcelona ESP"]
[Date "2013.07.18"]
[Round "6.29"]
[White "Vigier Lopez, Carlos"]
[Black "Argemi Camp, Jaume"]
[Result "0-1"]
[WhiteElo "1830"]
[BlackElo "1639"]
[PlyCount "102"]
[EventDate "2013.07.13"]
[EventType "swiss"]
[EventRounds "9"]
[EventCountry "ESP"]
[SourceTitle "Ajedrez en Madrid"]
[Source "lmi"]
[SourceDate "2013.07.13"]
[SourceVersion "1"]
[SourceVersionDate "2019.06.21"]
[SourceQuality "1"]

1. e4 e5 2. Nf3 d6 3. Bc4 g6 4. O-O Bg7 5. d4 exd4 6. Ng5 Nh6 7. c3 dxc3 8. Qb3
O-O 9. Nxc3 Nd7 10. f4 c6 11. f5 Qb6+ 12. Kh1 Qxb3 13. Bxb3 Nc5 14. fxg6 hxg6
15. Bc2 Ne6 16. Bd2 Ng4 17. Rad1 Bd4 18. Nh3 Be3 19. Be1 Bd4 20. Rf3 Be5 21.
Bg3 Nd4 22. Bxe5 dxe5 23. Rxd4 exd4 24. Ne2 Ne5 25. Rg3 d3 26. Bxd3 Nxd3 27.
Rxd3 Bxh3 28. Rxh3 Rad8 29. Rb3 b6 30. Kg1 Rfe8 31. Rb4 f5 32. Ng3 fxe4 33.
Nxe4 Kg7 34. Kf2 c5 35. Ra4 Rd7 36. Kf3 Ree7 37. Ra3 Rd1 38. Re3 Rd5 39. g4 g5
40. Ra3 Kg6 41. Re3 Rde5 42. Re2 Rf7+ 43. Kg3 Rd7 44. Re3 c4 45. Kf3 b5 46. h3
Ree7 47. Re2 Rf7+ 48. Kg2 Rde7 49. Nc3 Rxe2+ 50. Nxe2 Rd7 51. Kf3 Rd2 0-1

[Event "15. Obert Int. Sant Martí 2013 - B"]
[Site "Barcelona ESP"]
[Date "2013.07.18"]
[Round "6.30"]
[White "Albert Cristobal, Jorge"]
[Black "Baum, Jonasz"]
[Result "1-0"]
[WhiteElo "1802"]
[BlackElo "1512"]
[PlyCount "35"]
[EventDate "2013.07.13"]
[EventType "swiss"]
[EventRounds "9"]
[EventCountry "ESP"]
[SourceTitle "Ajedrez en Madrid"]
[Source "lmi"]
[SourceDate "2013.07.13"]
[SourceVersion "1"]
[SourceVersionDate "2019.06.21"]
[SourceQuality "1"]

1. e4 e5 2. Bc4 Nf6 3. d4 exd4 4. Nf3 Nxe4 5. Qxd4 Nf6 6. Nc3 Nc6 7. Qh4 Be7 8.
Bg5 O-O 9. O-O-O d6 10. Bd3 h6 11. Bxh6 gxh6 12. Qxh6 Re8 13. Ng5 Ne5 14. Bh7+
Kh8 15. Bg6+ Kg8 16. Bxf7+ Nxf7 17. Qg6+ Kh8 18. Nxf7# 1-0

[Event "15. Obert Int. Sant Martí 2013 - B"]
[Site "Barcelona ESP"]
[Date "2013.07.18"]
[Round "6.31"]
[White "Cano Sevila, Ivan"]
[Black "Peiron Lluch, Jose Daniel"]
[Result "1-0"]
[WhiteElo "1672"]
[BlackElo "1798"]
[PlyCount "73"]
[EventDate "2013.07.13"]
[EventType "swiss"]
[EventRounds "9"]
[EventCountry "ESP"]
[SourceTitle "Ajedrez en Madrid"]
[Source "lmi"]
[SourceDate "2013.07.13"]
[SourceVersion "1"]
[SourceVersionDate "2019.06.21"]
[SourceQuality "1"]

1. f4 f5 2. Nf3 e6 3. b3 Nf6 4. Bb2 d5 5. e3 c6 6. Be2 Nbd7 7. Ne5 Nxe5 8. Bxe5
Be7 9. O-O O-O 10. c4 Bd7 11. Nc3 Ne4 12. Nxe4 fxe4 13. cxd5 exd5 14. Bg4 Qc8
15. Bxd7 Qxd7 16. Qh5 Rf7 17. g4 g6 18. Qh3 Bf6 19. Bxf6 Rxf6 20. Qg3 Raf8 21.
g5 Rf5 22. Kg2 Qe7 23. Rh1 Kh8 24. h4 Qb4 25. Raf1 Rg8 26. h5 gxh5 27. Rxh5 Rg7
28. Qh3 Qf8 29. Rh1 Qf7 30. Qg4 Kg8 31. R1h4 Kf8 32. Kh2 Kg8 33. Rh6 Qf8 34. g6
Rf6 35. Rxh7 Rxh7 36. Rxh7 Rf5 37. g7 1-0

[Event "15. Obert Int. Sant Martí 2013 - B"]
[Site "Barcelona ESP"]
[Date "2013.07.18"]
[Round "6.32"]
[White "Romero Gamez, Francisco Javier"]
[Black "Roig Ruiz, Carles"]
[Result "1-0"]
[WhiteElo "1683"]
[BlackElo "1798"]
[PlyCount "117"]
[EventDate "2013.07.13"]
[EventType "swiss"]
[EventRounds "9"]
[EventCountry "ESP"]
[SourceTitle "Ajedrez en Madrid"]
[Source "lmi"]
[SourceDate "2013.07.13"]
[SourceVersion "1"]
[SourceVersionDate "2019.06.21"]
[SourceQuality "1"]

1. e4 e6 2. d4 d5 3. Nd2 a6 4. Ngf3 c5 5. exd5 exd5 6. dxc5 Bxc5 7. Be2 Ne7 8.
O-O O-O 9. Nb3 Bd6 10. c3 Nbc6 11. Nbd4 Nxd4 12. Nxd4 Ng6 13. h3 Qf6 14. Nf3
Nf4 15. Bxf4 Qxf4 16. Qxd5 Be6 17. Qd4 Rfe8 18. Qxf4 Bxf4 19. Rfe1 Rad8 20. Nd4
Bd5 21. a3 Kf8 22. Bf3 Bxf3 23. Nxf3 Rd6 24. Rxe8+ Kxe8 25. Re1+ Kf8 26. g3 Bh6
27. Ne5 b5 28. f4 g6 29. Nf3 Bg7 30. Kf2 Bf6 31. Re2 Bd8 32. Rd2 Bb6+ 33. Kf1
Re6 34. Ne5 Ke8 35. Re2 Ke7 36. Nc6+ Kd6 37. Rxe6+ fxe6 38. Nb4 a5 39. Nd3 Kd5
40. Ke2 Kc4 41. Nc1 Bc5 42. Kd2 Bd6 43. b3+ Kd5 44. b4 Kc4 45. Ne2 a4 46. Nd4
e5 47. fxe5 Bxe5 48. Ne2 Kb3 49. g4 Kxa3 50. Kc2 Ka2 51. Nc1+ Ka1 52. Ne2 a3
53. Nd4 Ka2 54. Nxb5 Bf6 55. Nd4 Be7 56. Nc6 Bd6 57. b5 Bc5 58. c4 Ka1 59. Na5
1-0

[Event "15. Obert Int. Sant Martí 2013 - B"]
[Site "Barcelona ESP"]
[Date "2013.07.18"]
[Round "6.33"]
[White "Perez Cuadrado, Eduardo"]
[Black "Maria Oproae, Alex"]
[Result "1-0"]
[WhiteElo "1783"]
[BlackElo "1415"]
[PlyCount "77"]
[EventDate "2013.07.13"]
[EventType "swiss"]
[EventRounds "9"]
[EventCountry "ESP"]
[SourceTitle "Ajedrez en Madrid"]
[Source "lmi"]
[SourceDate "2013.07.13"]
[SourceVersion "1"]
[SourceVersionDate "2019.06.21"]
[SourceQuality "1"]

1. e4 Nf6 2. e5 Nd5 3. d4 d6 4. c4 Nb6 5. exd6 cxd6 6. Nf3 Bf5 7. Bd3 Bg6 8. d5
Qc7 9. b3 Na6 10. Bxg6 hxg6 11. Qe2 Nxd5 12. Bd2 Nf6 13. Nc3 e6 14. Nd4 Nc5 15.
Ncb5 Qd7 16. Rd1 e5 17. Bb4 Be7 18. Bxc5 dxc5 19. Nf3 Qc6 20. Qxe5 O-O 21. O-O
a6 22. Nc7 Rac8 23. Nd5 Nxd5 24. cxd5 Qf6 25. Qxf6 Bxf6 26. d6 Rfd8 27. Rd5 Rc6
28. Rfd1 Kf8 29. g4 Ke8 30. d7+ Kf8 31. g5 Bc3 32. R1d3 Bb4 33. Ne5 Rc7 34. Rf3
Ke7 35. Nxf7 Rdxd7 36. Re5+ Kf8 37. Nd8+ Kg8 38. Re8+ Kh7 39. Rh3# 1-0

[Event "15. Obert Int. Sant Martí 2013 - B"]
[Site "Barcelona ESP"]
[Date "2013.07.18"]
[Round "6.34"]
[White "Velasco Rebezon, Daniela"]
[Black "Monteagudo Aguilera, Maximo"]
[Result "1-0"]
[WhiteElo "1651"]
[BlackElo "1779"]
[PlyCount "37"]
[EventDate "2013.07.13"]
[EventType "swiss"]
[EventRounds "9"]
[EventCountry "ESP"]
[SourceTitle "Ajedrez en Madrid"]
[Source "lmi"]
[SourceDate "2013.07.13"]
[SourceVersion "1"]
[SourceVersionDate "2019.06.21"]
[SourceQuality "1"]

1. d4 d5 2. e3 g6 3. Nf3 Bg7 4. c4 e6 5. Nc3 Nf6 6. b3 O-O 7. Bb2 Nc6 8. Be2 b6
9. O-O Ba6 10. Rc1 Ne7 11. Rc2 Rc8 12. Qa1 Nf5 13. a4 Nd6 14. Ne5 c5 15. Nb5
Bxb5 16. axb5 Ra8 17. Nc6 Qc7 18. dxc5 bxc5 19. Bxf6 1-0

[Event "15. Obert Int. Sant Martí 2013 - B"]
[Site "Barcelona ESP"]
[Date "2013.07.18"]
[Round "6.36"]
[White "Cartro Turu, Gabriel"]
[Black "Martin Sanchez, Antoni"]
[Result "1-0"]
[WhiteElo "1944"]
[BlackElo "1730"]
[PlyCount "149"]
[EventDate "2013.07.13"]
[EventType "swiss"]
[EventRounds "9"]
[EventCountry "ESP"]
[SourceTitle "Ajedrez en Madrid"]
[Source "lmi"]
[SourceDate "2013.07.13"]
[SourceVersion "1"]
[SourceVersionDate "2019.06.21"]
[SourceQuality "1"]

1. e4 e6 2. d4 d5 3. Nc3 Nf6 4. Bg5 Be7 5. e5 Nfd7 6. Bxe7 Qxe7 7. f4 a6 8. Nf3
c5 9. dxc5 Nxc5 10. Bd3 Nc6 11. a3 Nxd3+ 12. cxd3 Bd7 13. O-O Rc8 14. Rc1 O-O
15. Re1 Qd8 16. Qd2 Ne7 17. g4 Bc6 18. Qf2 Qa5 19. Nd4 Bd7 20. Nb3 Qd8 21. Nd4
g6 22. Qh4 Nc6 23. Qxd8 Rfxd8 24. Nxc6 Bxc6 25. d4 Kg7 26. g5 h5 27. gxh6+ Kxh6
28. Re3 Kg7 29. Rh3 Bb5 30. Re1 Bc4 31. Ree3 Rh8 32. Reg3 Rxh3 33. Rxh3 b5 34.
Nd1 Be2 35. Rc3 Rxc3 36. Nxc3 Bd3 37. Kf2 Kh6 38. h4 Kh5 39. Kg3 a5 40. b4 a4
41. Nd1 Be2 42. Nf2 Kh6 43. Ng4+ Kg7 44. Nf6 Kf8 45. Kf2 Bd3 46. Kf3 Bf1 47.
Kg4 Be2+ 48. Kg5 Bd3 49. h5 gxh5 50. Kxh5 Be2+ 51. Kh6 Bd3 52. Kg5 Ke7 53. Ng8+
Kf8 54. Nh6 Ke7 55. f5 Be4 56. fxe6 fxe6 57. Kf4 Bd3 58. Ng8+ Kf7 59. Nf6 Ke7
60. Kg5 Bc2 61. Kh6 Kf7 62. Nh7 Bd3 63. Ng5+ Ke7 64. Kg7 Bc2 65. Nf7 Bd3 66.
Nh6 Bf1 67. Ng8+ Ke8 68. Kf6 Bh3 69. Nh6 Kd7 70. Nf7 Bg4 71. Nd6 Be2 72. Kf7
Bh5+ 73. Kf8 Be2 74. Nb7 Bg4 75. Kf7 1-0

[Event "15. Obert Int. Sant Martí 2013 - B"]
[Site "Barcelona ESP"]
[Date "2013.07.18"]
[Round "6.37"]
[White "Delgado Lozano, Jose Manuel"]
[Black "Ayats Llobera, Gerard"]
[Result "0-1"]
[WhiteElo "1927"]
[BlackElo "1708"]
[PlyCount "78"]
[EventDate "2013.07.13"]
[EventType "swiss"]
[EventRounds "9"]
[EventCountry "ESP"]
[SourceTitle "Ajedrez en Madrid"]
[Source "lmi"]
[SourceDate "2013.07.13"]
[SourceVersion "1"]
[SourceVersionDate "2019.06.21"]
[SourceQuality "1"]

1. d4 Nf6 2. c4 e6 3. Nf3 b6 4. Nc3 Bb4 5. Bd2 Bb7 6. Qb3 Be7 7. h3 O-O 8. Bf4
Nh5 9. Bh2 d6 10. e3 Nc6 11. O-O-O Na5 12. Qc2 d5 13. cxd5 exd5 14. Bd3 g6 15.
g4 Ng7 16. Bf4 c5 17. Qe2 c4 18. Bb1 a6 19. h4 b5 20. h5 b4 21. hxg6 fxg6 22.
Rxh7 Kxh7 23. Rh1+ Kg8 24. Bxg6 Rf6 25. Bh7+ Kf8 26. g5 bxc3 27. gxf6 cxb2+ 28.
Kb1 Bxf6 29. Bg6 Ke7 30. Qxb2 Bc6 31. Qa3+ Ke6 32. Ne5 Be8 33. Rh6 Bxg6+ 34.
Rxg6 Qb6+ 35. Kc2 Nh5 36. Ng4 Kf5 37. Rh6 Kxg4 38. e4 Qxd4 39. Rxh5 Qd3+ 0-1

[Event "15. Obert Int. Sant Martí 2013 - B"]
[Site "Barcelona ESP"]
[Date "2013.07.18"]
[Round "6.38"]
[White "Sirletti, Sonia"]
[Black "Fuertes Buisac, Bernat"]
[Result "1/2-1/2"]
[WhiteElo "1888"]
[BlackElo "1686"]
[PlyCount "95"]
[EventDate "2013.07.13"]
[EventType "swiss"]
[EventRounds "9"]
[EventCountry "ESP"]
[SourceTitle "Ajedrez en Madrid"]
[Source "lmi"]
[SourceDate "2013.07.13"]
[SourceVersion "1"]
[SourceVersionDate "2019.06.21"]
[SourceQuality "1"]

1. d4 Nf6 2. Nf3 g6 3. c4 c5 4. d5 b5 5. cxb5 a6 6. b6 Qxb6 7. Nc3 Bg7 8. e4 d6
9. Bd3 Ng4 10. O-O Nd7 11. Nd2 Nde5 12. Be2 Nf6 13. h3 O-O 14. Kh1 Bb7 15. f4
Ned7 16. Nc4 Qc7 17. a4 Nb6 18. Ne3 e6 19. a5 Nbd7 20. Bc4 exd5 21. Nexd5 Nxd5
22. Bxd5 Nf6 23. f5 Bxd5 24. Nxd5 Nxd5 25. Qxd5 Be5 26. Ra2 Rab8 27. Bh6 Rfe8
28. fxg6 hxg6 29. b3 Qb7 30. Qc4 Qxb3 31. Qxb3 Rxb3 32. Raf2 Re7 33. Bg5 Reb7
34. Bf6 Bxf6 35. Rxf6 Rd7 36. Rd1 Ra3 37. Rfxd6 Rxd6 38. Rxd6 Rxa5 39. Rc6 Ra1+
40. Kh2 a5 41. Rxc5 a4 42. Ra5 a3 43. e5 Kf8 44. Ra7 Re1 45. Rxa3 Rxe5 46. Ra7
Kg7 47. Rb7 Ra5 48. Rb4 1/2-1/2

[Event "15. Obert Int. Sant Martí 2013 - B"]
[Site "Barcelona ESP"]
[Date "2013.07.18"]
[Round "6.39"]
[White "Liarte Genoves, Sergi"]
[Black "Calbet Freixanet, Eduard"]
[Result "1-0"]
[WhiteElo "1880"]
[BlackElo "1676"]
[PlyCount "43"]
[EventDate "2013.07.13"]
[EventType "swiss"]
[EventRounds "9"]
[EventCountry "ESP"]
[SourceTitle "Ajedrez en Madrid"]
[Source "lmi"]
[SourceDate "2013.07.13"]
[SourceVersion "1"]
[SourceVersionDate "2019.06.21"]
[SourceQuality "1"]

1. e4 e6 2. d4 d5 3. Nc3 dxe4 4. Nxe4 Nf6 5. Nxf6+ Qxf6 6. Nf3 h6 7. Be3 Nd7 8.
Qd2 Bd6 9. O-O-O O-O 10. h4 e5 11. Bd3 Nb6 12. dxe5 Bxe5 13. Nxe5 Qxe5 14. g4
Be6 15. h5 Bxg4 16. Rdg1 Qe6 17. Bxh6 gxh6 18. f3 f5 19. fxg4 fxg4 20. Rh4 Kh8
21. Rhxg4 Rg8 22. Qc3+ 1-0

[Event "15. Obert Int. Sant Martí 2013 - B"]
[Site "Barcelona ESP"]
[Date "2013.07.18"]
[Round "6.40"]
[White "Fungueirino Pique, Daniel"]
[Black "Bayarri Ponsa, Eduard"]
[Result "0-1"]
[WhiteElo "1694"]
[BlackElo "1878"]
[PlyCount "56"]
[EventDate "2013.07.13"]
[EventType "swiss"]
[EventRounds "9"]
[EventCountry "ESP"]
[SourceTitle "Ajedrez en Madrid"]
[Source "lmi"]
[SourceDate "2013.07.13"]
[SourceVersion "1"]
[SourceVersionDate "2019.06.21"]
[SourceQuality "1"]

1. d4 d5 2. Nf3 c6 3. e3 Nf6 4. Nbd2 Bf5 5. Be2 e6 6. c4 Nbd7 7. Ne5 Nxe5 8.
dxe5 Nd7 9. cxd5 exd5 10. f4 Nc5 11. O-O Qb6 12. Nf3 Be4 13. Nd4 O-O-O 14. a3
Ne6 15. Bg4 c5 16. Nxe6 fxe6 17. f5 exf5 18. Bxf5+ Bxf5 19. Rxf5 Qe6 20. Qg4 g6
21. Rg5 Qxg4 22. Rxg4 Bg7 23. Rb1 Bxe5 24. Bd2 Rhe8 25. Rh4 Rd7 26. Rh3 Rf8 27.
b4 c4 28. e4 d4 0-1

[Event "15. Obert Int. Sant Martí 2013 - B"]
[Site "Barcelona ESP"]
[Date "2013.07.18"]
[Round "6.41"]
[White "Romeo Ros, Joaquin"]
[Black "Serra Vilaro, Agustin"]
[Result "1-0"]
[WhiteElo "1688"]
[BlackElo "1849"]
[PlyCount "61"]
[EventDate "2013.07.13"]
[EventType "swiss"]
[EventRounds "9"]
[EventCountry "ESP"]
[SourceTitle "Ajedrez en Madrid"]
[Source "lmi"]
[SourceDate "2013.07.13"]
[SourceVersion "1"]
[SourceVersionDate "2019.06.21"]
[SourceQuality "1"]

1. d4 f5 2. e4 fxe4 3. Nc3 d5 4. Qh5+ g6 5. Qxd5 Nf6 6. Qxd8+ Kxd8 7. Bg5 Nbd7
8. O-O-O c6 9. Bc4 b5 10. Be6 b4 11. Na4 h6 12. Be3 Bg7 13. Ne2 Nd5 14. Ng3
N7f6 15. Nc5 h5 16. Bxc8 Kxc8 17. Ngxe4 Nxe3 18. fxe3 Bh6 19. Rd3 Ng4 20. Kd2
e5 21. Ke2 Nxe3 22. Rxe3 Bxe3 23. Kxe3 exd4+ 24. Kxd4 Rf8 25. Kc4 Rf4 26. Rd1
a5 27. Rd4 Kb8 28. Kd3 Rf5 29. Rd8+ Ka7 30. Rd7+ Kb8 31. Rb7+ 1-0

[Event "15. Obert Int. Sant Martí 2013 - B"]
[Site "Barcelona ESP"]
[Date "2013.07.18"]
[Round "6.42"]
[White "Escofet Llongueras, Joan"]
[Black "Gomez Guinovart, Josep Manel"]
[Result "1-0"]
[WhiteElo "1793"]
[BlackElo "1670"]
[PlyCount "122"]
[EventDate "2013.07.13"]
[EventType "swiss"]
[EventRounds "9"]
[EventCountry "ESP"]
[SourceTitle "Ajedrez en Madrid"]
[Source "lmi"]
[SourceDate "2013.07.13"]
[SourceVersion "1"]
[SourceVersionDate "2019.06.21"]
[SourceQuality "1"]

1. c4 Nf6 2. Nc3 e6 3. g3 a6 4. Bg2 Be7 5. e4 O-O 6. Nge2 d6 7. O-O Nbd7 8. d4
Rb8 9. d5 Ne5 10. b3 b6 11. h3 Bd7 12. f4 Ng6 13. Bb2 Qc8 14. Kh2 Ne8 15. Nd4
Bf6 16. Qd2 Bxd4 17. Qxd4 e5 18. Qd2 exf4 19. gxf4 Qd8 20. Rae1 Qh4 21. Qf2 Nf6
22. Qxh4 Nxh4 23. Bh1 Ng6 24. e5 Ne8 25. Ne4 f5 26. Ng5 h6 27. e6 hxg5 28. exd7
Nf6 29. fxg5 Nxd7 30. Re6 Nge5 31. Bf3 g6 32. h4 Kf7 33. h5 Nxf3+ 34. Rxf3 Ne5
35. hxg6+ Kg7 36. Rh3 Rh8 37. Rh6 Rxh6+ 38. gxh6+ Kxh6 39. Bc1+ Kg7 40. Bb2
Rh8+ 41. Kg2 Rh6 42. Re7+ Kxg6 43. Rxc7 Kh5 44. Rb7 Rg6+ 45. Kf1 Rg4 46. Rxb6
Rf4+ 47. Ke2 Re4+ 48. Kd1 Nd3 49. Bc3 Nf2+ 50. Kd2 Rg4 51. Ke2 Ne4 52. Bb4 Rg2+
53. Kf3 Rxa2 54. Bxd6 Ng5+ 55. Ke3 Ra1 56. Ke2 Ne4 57. Bf4 Nc3+ 58. Kd3 Ne4 59.
Kd4 Kg4 60. Ke5 Nf2 61. Rg6+ Kh5 1-0

[Event "15. Obert Int. Sant Martí 2013 - B"]
[Site "Barcelona ESP"]
[Date "2013.07.18"]
[Round "6.43"]
[White "Demestres Lopez, Ricard"]
[Black "Roche Peris, Eduard"]
[Result "1/2-1/2"]
[WhiteElo "1668"]
[BlackElo "1792"]
[PlyCount "60"]
[EventDate "2013.07.13"]
[EventType "swiss"]
[EventRounds "9"]
[EventCountry "ESP"]
[SourceTitle "Ajedrez en Madrid"]
[Source "lmi"]
[SourceDate "2013.07.13"]
[SourceVersion "1"]
[SourceVersionDate "2019.06.21"]
[SourceQuality "1"]

1. e4 c5 2. Nf3 Nc6 3. Bb5 g6 4. Bxc6 bxc6 5. d4 cxd4 6. Qxd4 Nf6 7. O-O Qb6 8.
Re1 Qxd4 9. Nxd4 Bg7 10. Nc3 O-O 11. h3 c5 12. Nb3 d6 13. e5 Nd7 14. Nd5 Nxe5
15. Nxe7+ Kh8 16. Nxc8 Raxc8 17. Na5 Rfe8 18. Bd2 Re6 19. Bc3 d5 20. f4 d4 21.
Bd2 Nc6 22. Rxe6 fxe6 23. Nc4 e5 24. fxe5 Nxe5 25. Nd6 Rc6 26. Ne4 Nc4 27. Bf4
Be5 28. Bh6 Bg7 29. Bf4 Be5 30. Bh6 Bg7 1/2-1/2

[Event "15. Obert Int. Sant Martí 2013 - B"]
[Site "Barcelona ESP"]
[Date "2013.07.18"]
[Round "6.44"]
[White "Fuentes Barrientos, Carlos"]
[Black "Collell Rodriguez, Victor"]
[Result "1-0"]
[WhiteElo "1792"]
[BlackElo "1650"]
[PlyCount "45"]
[EventDate "2013.07.13"]
[EventType "swiss"]
[EventRounds "9"]
[EventCountry "ESP"]
[SourceTitle "Ajedrez en Madrid"]
[Source "lmi"]
[SourceDate "2013.07.13"]
[SourceVersion "1"]
[SourceVersionDate "2019.06.21"]
[SourceQuality "1"]

1. e4 e5 2. Nf3 Nc6 3. Bc4 Nf6 4. d4 exd4 5. O-O Bc5 6. e5 d5 7. exf6 dxc4 8.
Re1+ Be6 9. Ng5 Qxf6 10. Nxe6 fxe6 11. Qh5+ Qf7 12. Qxc5 Rf8 13. f3 e5 14. Na3
Qg6 15. Rxe5+ Nxe5 16. Qxe5+ Kd7 17. Bf4 Qd6 18. Qxg7+ Qe7 19. Qxd4+ Ke8 20.
Qxc4 Rd8 21. Bg3 Qg7 22. Nb5 Qf6 23. Re1+ 1-0

[Event "15. Obert Int. Sant Martí 2013 - B"]
[Site "Barcelona ESP"]
[Date "2013.07.18"]
[Round "6.45"]
[White "Petit Montes, Marc"]
[Black "Salazar Navas, Josep"]
[Result "1-0"]
[WhiteElo "1656"]
[BlackElo "1789"]
[PlyCount "59"]
[EventDate "2013.07.13"]
[EventType "swiss"]
[EventRounds "9"]
[EventCountry "ESP"]
[SourceTitle "Ajedrez en Madrid"]
[Source "lmi"]
[SourceDate "2013.07.13"]
[SourceVersion "1"]
[SourceVersionDate "2019.06.21"]
[SourceQuality "1"]

1. b3 e5 2. Bb2 Nc6 3. e3 g6 4. Bb5 Nge7 5. Bxc6 Nxc6 6. f4 Bg7 7. Nf3 d6 8. h3
O-O 9. O-O Bf5 10. d3 e4 11. Bxg7 Kxg7 12. dxe4 Bxe4 13. Nc3 Re8 14. Ng5 d5 15.
Ngxe4 dxe4 16. f5 Qg5 17. f6+ Kg8 18. Rf4 Rad8 19. Qe1 Nb4 20. Nxe4 Rxe4 21.
Rxe4 Nxc2 22. Rd1 Qxf6 23. Rxd8+ Qxd8 24. Qc3 Na3 25. Qc5 Nb1 26. Qc1 Qd3 27.
Rd4 Qf5 28. Rd1 Qe5 29. Qxb1 Qxe3+ 30. Kh1 1-0

[Event "15. Obert Int. Sant Martí 2013 - B"]
[Site "Barcelona ESP"]
[Date "2013.07.18"]
[Round "6.46"]
[White "Santamaria Torres, Sergio"]
[Black "Llopis Jordan, Lluis"]
[Result "1/2-1/2"]
[WhiteElo "1620"]
[BlackElo "1786"]
[PlyCount "59"]
[EventDate "2013.07.13"]
[EventType "swiss"]
[EventRounds "9"]
[EventCountry "ESP"]
[SourceTitle "Ajedrez en Madrid"]
[Source "lmi"]
[SourceDate "2013.07.13"]
[SourceVersion "1"]
[SourceVersionDate "2019.06.21"]
[SourceQuality "1"]

1. e4 c6 2. d4 d5 3. Nc3 dxe4 4. Nxe4 Nd7 5. Nf3 Ngf6 6. Nxf6+ Nxf6 7. Be2 Bf5
8. Bf4 e6 9. Nh4 Nd5 10. Bg3 Bb4+ 11. Kf1 Bg6 12. a3 Be7 13. Nxg6 hxg6 14. c4
Nc7 15. Qb3 Rb8 16. Rd1 Bh4 17. Qe3 Bxg3 18. Qxg3 Kf8 19. h4 Qe7 20. h5 Rd8 21.
Qe5 Qd6 22. f4 Ne8 23. Kf2 Qxe5 24. fxe5 gxh5 25. Rxh5 Rxh5 26. Bxh5 Nc7 27. a4
a5 28. Ke3 Ke7 29. Bf3 Rh8 30. Rd3 1/2-1/2

[Event "15. Obert Int. Sant Martí 2013 - B"]
[Site "Barcelona ESP"]
[Date "2013.07.18"]
[Round "6.47"]
[White "Gonzalez Edo, David"]
[Black "Palomero Galvez, Antonio"]
[Result "1/2-1/2"]
[WhiteElo "1777"]
[BlackElo "1625"]
[PlyCount "106"]
[EventDate "2013.07.13"]
[EventType "swiss"]
[EventRounds "9"]
[EventCountry "ESP"]
[SourceTitle "Ajedrez en Madrid"]
[Source "lmi"]
[SourceDate "2013.07.13"]
[SourceVersion "1"]
[SourceVersionDate "2019.06.21"]
[SourceQuality "1"]

1. d4 d5 2. Nf3 Nf6 3. Bf4 e6 4. e3 Nh5 5. Bg5 f6 6. Bh4 Bd6 7. g4 g5 8. Bxg5
fxg5 9. gxh5 g4 10. Ne5 Bxe5 11. dxe5 Qh4 12. Nc3 Rf8 13. Qd2 Qxh5 14. O-O-O
Qxe5 15. Bd3 Rf7 16. h3 gxh3 17. Rxh3 Na6 18. Rdh1 Bd7 19. Rxh7 Rxh7 20. Rxh7
O-O-O 21. Bxa6 bxa6 22. Qd3 Qd6 23. f4 Rg8 24. Rh6 Rg1+ 25. Nd1 Bb5 26. Rh8+
Kb7 27. Qb3 Qb6 28. Rh2 Qa5 29. Rd2 c5 30. Qa3 Qb6 31. b3 Bc6 32. Qb2 Qc7 33.
Qf6 Qg7 34. Qxg7+ Rxg7 35. Kb2 a5 36. a4 c4 37. Rh2 Kb6 38. Rh6 Re7 39. Kc3 Kc5
40. Nf2 cxb3 41. Nd3+ Kb6 42. cxb3 Bd7 43. Kd4 Bc8 44. Ke5 Ba6 45. Nf2 Kc5 46.
Rxe6 Rxe6+ 47. Kxe6 d4 48. exd4+ Kxd4 49. Kd6 Kc3 50. Ne4+ Kb4 51. f5 Be2 52.
Ng3 Bd1 53. Ne4 Bxb3 1/2-1/2